| 000 | 00335nam a2200121Ia 4500 | ||
|---|---|---|---|
| 008 | 231120s2019 xx 000 0 und d | ||
| 041 | _aeng | ||
| 082 | _a751.4 | ||
| 100 | _aSUSIE HODGE | ||
| 245 | _aPAINTING MASTERCLASS: CREATIVE TECHNIQUES OF 100 GREAT ARTIST | ||
| 260 |
_aTHAMES & HUDSON _bTHAMES & HUDSON _c2019 |
||
| 300 | _aP-288 | ||
| 999 |
_c933596 _d933596 |
||